000 00406nam a2200145Ia 4500
008 230917s9999||||xx |||||||||||||| ||und||
040 _e40491
_aMAIN
041 _aEnglish
082 _a810.9 R126E
100 _aRagavacharyulu, D V K, ed
245 0 _aExperience of American literature
260 _aNew Delhi
_bUnited States Educational Foundation in India
_c1969
300 _axix, 487 p.
942 _cBK
999 _c48829
_d48829